Statistics for Maximum Area Ratio between Countries with a Common Neighbour

Click here to take the quiz!

General Stats

  • This quiz has been taken 38 times
  • The average score is 33 of 60

Answer Stats

Country% Correct
F{rance}
100%
I{taly}
86%
Monaco
86%
France
83%
Vatican City
83%
Brazil
72%
A{ustria}
69%
Germany
69%
Liechtenstein
69%
Liechtenstein
69%
S{witzerland}
69%
Andorra
66%
France
66%
France
66%
S{pain}
66%
Bhutan
62%
China
62%
I{ndia}
62%
I{raq}
62%
Kuwait
62%
Moldova
62%
Russia
62%
Saudi Arabia
62%
U{kraine}
62%
China
59%
L{atvia}
59%
R{ussia}
59%
Russia
59%
C{hina}
55%
Estonia
55%
P{oland}
55%
Russia
55%
Russia
55%
Bhutan
52%
Estonia
52%
G{eorgia}
52%
N{orth Korea}
52%
Russia
52%
Russia
52%
South Korea
52%
Armenia
48%
Slovakia
48%
Russia
45%
B{elarus/}E{stonia/}L{ithuania}
41%
Belize
41%
Latvia
41%
M{exico}
41%
United States
41%
B{elgium/}G{ermany}
38%
Brazil
38%
C{olombia}
38%
France
38%
Gambia
38%
Luxembourg
38%
Mali
38%
S{enegal}
38%
Panama
34%
Brunei
31%
Indonesia
31%
M{alaysia}
31%

Score Distribution

Percentile by Number Answered

Percent of People with Each Score

Your Score History

You have not taken this quiz